LIBRARY & INFORMATION CENTRE, KCAET, TAVANUR

ONLINE PUBLIC ACCESS CATALOGUE (OPAC)

Mechanics of Structures: Vol.II(Theory and analysis of structures) (Record no. 14809)

MARC details
000 -LEADER
fixed length control field 00382nam a22001457a 4500
020 ## - INTERNATIONAL STANDARD BOOK NUMBER
ISBN 9789385039027
082 ## - DEWEY DECIMAL CLASSIFICATION NUMBER
Classification number 624.171
Item number JUN/ME
100 ## - MAIN ENTRY--AUTHOR NAME
Personal name Junnarkar,S.B
100 ## - MAIN ENTRY--AUTHOR NAME
Personal name Shah,H.J
245 ## - TITLE STATEMENT
Title Mechanics of Structures: Vol.II(Theory and analysis of structures)
250 ## - EDITION STATEMENT
Edition statement 24 th
260 ## - PUBLICATION, DISTRIBUTION, ETC. (IMPRINT)
Place of publication Anand
Name of publisher Charotar Publishing House
Year of publication 2015
300 ## - PHYSICAL DESCRIPTION
Number of Pages 970p
942 ## - ADDED ENTRY ELEMENTS (KOHA)
Koha item type Books
Holdings
Withdrawn status Lost status Damaged status Collection code Home library Current library Shelving location Date acquired Source of acquisition Cost, normal purchase price Full call number Accession Number Koha item type
        KAUAET KAUAET General Stacks 24/03/2017 Calicut Books, Calicut 325.00 624.171 JUN/ME 25226 Books
        KAUAET KAUAET General Stacks 24/03/2017 Calicut Books, Calicut 325.00 624.171 JUN/ME 25227 Books
        KAUAET KAUAET General Stacks 24/03/2017 Calicut Books, Calicut 325.00 624.171 JUN/ME 25228 Books
        KAUAET KAUAET   14/11/2024   175.00 624.171 JUN/ME 19484 Books
free website counter